000 00238nam a2200097Ia 4500
001 683169
005 20250826161433.0
008 250824s9999 xx 000 0 und d
245 0 _aANNEM İÇİN
_cSELİM İLERİ
260 _bEVEREST YAYINLARI
999 _c683169
_d683169